Welcome to CU Library Online Public Access Catalogue (OPAC)

Inside OLE 2 : (Record no. 757)

MARC details
000 -LEADER
fixed length control field 00945cam a2200205 a 4500
001 - CONTROL NUMBER
control field 4416193
005 - DATE AND TIME OF LATEST TRANSACTION
control field 20241106192031.0
008 - FIXED-LENGTH DATA ELEMENTS--GENERAL INFORMATION
fixed length control field 930922s1994 waua 001 0 eng
020 ## - INTERNATIONAL STANDARD BOOK NUMBER
International Standard Book Number 9781556156182
Terms of availability $49.95 ($67.95 Can.)
050 00 - LIBRARY OF CONGRESS CALL NUMBER
Classification number QA76.64
Item number .B76 1993
082 00 - DEWEY DECIMAL CLASSIFICATION NUMBER
Classification number 005.4/3
Edition information 20
100 1# - MAIN ENTRY--PERSONAL NAME
Personal name Brockschmidt, Kraig,
Dates associated with a name 1968-
245 10 - TITLE STATEMENT
Title Inside OLE 2 :
Remainder of title the fast track to building powerful object-oriented applications /
Statement of responsibility, etc. Kraig Brockschmidt.
260 ## - PUBLICATION, DISTRIBUTION, ETC.
Place of publication, distribution, etc. Redmond, Wash. :
Name of publisher, distributor, etc. Microsoft Press,
Date of publication, distribution, etc. c1994.
300 ## - PHYSICAL DESCRIPTION
Extent xxii, 977 p. :
Other physical details ill. ;
Dimensions 24 cm. +
Accompanying material 2 computer disks (3 1/2 in.).
500 ## - GENERAL NOTE
General note System requirements for computer disks: IBM-compatible PC; DOS; Windows; Windows 3.1 Software Development Kit; Microsoft C 7, Microsoft Visual C++ 1, or other C++ compiler; OLE 2 Software Development Kit; hard disk with 6MB free space.
500 ## - GENERAL NOTE
General note Includes index.
650 #0 - SUBJECT ADDED ENTRY--TOPICAL TERM
Topical term or geographic name entry element Object-oriented programming (Computer science)
942 ## - ADDED ENTRY ELEMENTS (KOHA)
Source of classification or shelving scheme Library of Congress Classification
Koha item type Books
Suppress in OPAC No
999 ## -
-- 757
-- 757
Holdings
Withdrawn status Lost status Source of classification or shelving scheme Damaged status Not for loan Collection Home library Current library Shelving location Date acquired Total checkouts Full call number Barcode Date last seen Copy number Price effective from Koha item type
    Library of Congress Classification     Non-fiction Science Library (Miotso) Science Library (Miotso) General stacks 11/06/2024   QA76.64 .B76 BRO SLM00000426 11/06/2024 1 11/06/2024 Books
© 2023-2024 Copyright: Central University Libraries. All Rights Reserved | Created by: Mahone Tech Office